Transferové oceňovanie v teórii a praxi

Vplyv transferovej ceny na základ dane z príjmov. Osoby, na ktoré sa vzťahujú pravidlá transferového oceňovania v Slovenskej republike. Pokračovanie v budúcom čísle.

Gespeichert in:
Bibliographische Detailangaben
1. Verfasser: Luknárová - Kutišová, Dalila
Format: Buchkapitel
Sprache:Slowakisch
Schlagworte:
Tags: Tag hinzufügen
Keine Tags, Fügen Sie das erste Tag hinzu!

MARC

LEADER 00000naa a2200000 4500
001 0126725
005 20231114101418.0
041 0 |a slo 
044 |a SK 
245 1 0 |a Transferové oceňovanie v teórii a praxi  |c Dalila Luknárová - Kutišová 
520 |a Vplyv transferovej ceny na základ dane z príjmov. Osoby, na ktoré sa vzťahujú pravidlá transferového oceňovania v Slovenskej republike. Pokračovanie v budúcom čísle. 
610 2 0 |a zdaňovanie medzinárodné 
610 2 0 |a oceňovanie transferové 
100 1 |a Luknárová - Kutišová, Dalila